| 000 | 00000nam##2200000za#4500 |
| 001 | 9.604233 |
| 003 | CaOODSP |
| 005 | 20210624211453 |
| 007 | cr ||||||||||| |
| 008 | 150406|2005||||xxc|||||o f|0| 0 fre|d |
| 040 | |aCaOODSP|bfre |
| 043 | |an-cn--- |
| 086 | 1 |aTU3-5/05-47F-PDF |
| 110 | 2 |aBureau de la sécurité des transports du Canada. |
| 245 | 10|aImpact avec les arbres sans perte de contrôle du Cessna 172M C-GPUL, exploité par Grondair à Saint-Honoré-de-Beauce (Québec), le 5 novembre 2005 |h[ressource électronique] |
| 260 | |aGatineau - Québec : |bBureau de la sécurité des transports du Canada |c2008. |
| 300 | |a17p.|bcartes en couleur, glossaire |
| 490 | 1 |aRapport d'enquête aéronautique |vA05Q0208 |
| 500 | |a« Le Bureau a autorisé la publication du rapport le 9 décembre 2008 » --p.15. |
| 590 | |a12-33-Supp|b2012-07-18 |
| 775 | 08|tTree impact without loss of control - Grondair Cessna 172M C-GPUL, Saint-Honoré-de-Beauce, Quebec, 05 November 2005 |w(CaOODSP)9.574489 |
| 830 | #0|aRapport d'enquête aéronautique ;|vA05Q0208|w(CaOODSP)9.501229 |
| 856 | 40|ahttp://publications.gc.ca|qPDF|s542 Ko|uhttps://publications.gc.ca/collections/collection_2012/bst-tsb/TU3-5-05-47-fra.pdf|yA05Q0208 |